000 01244nam a2200313 c 4500
003 BLK
005 20250119004127.0
008 180411b bul|||||r ||||||| ||bul||
010 _aKNG00190484000
040 _aBLK
041 _aBUL
_cBUL
080 _aБългария през периода на общата криза на капитализма (1918-1944)
_b94(497.2)"1918/1945"
_x
_z94(497.2)"1918/1945"
100 1 _aГеоргиев, Георги Стоянов
_eпърви автор
_9249875
139 _aГеоргиев, Георги Стоянов
_bГ 37
245 1 0 _aПоследните 365 дни на българската буржоазия
_b[Изследване]
_cГеорги Стоянов Георгиев.
257 _aBGR
260 София
_bВоен. изд.
_c1989
300 _a356 с.
_c21 см
380 _a9
500 _aБиблиогр. под линия. - 6 640 тир.
650 0 _aБългария - история, нова
_9241998
653 _aбуржоазия
852 _aЦб 160060
856 4 _qpdf
_u
856 4 _qpdf
_u
942 _cKNG
_n0
944 _aCR
_c16.09.2016
_k
_lCRON CRON
944 _aED
_c06.03.2018
_kЕлица_Владова
999 _c181578
_d181578